<?xml version="1.0" encoding="UTF-8"?>
<record
    xmlns:xsi="http://www.w3.org/2001/XMLSchema-instance"
    xsi:schemaLocation="http://www.loc.gov/MARC21/slim http://www.loc.gov/standards/marcxml/schema/MARC21slim.xsd"
    xmlns="http://www.loc.gov/MARC21/slim">

  <leader>01311nam a2200325Ia 4500</leader>
  <datafield tag="952" ind1=" " ind2=" ">
    <subfield code="0">0</subfield>
    <subfield code="1">0</subfield>
    <subfield code="2">lcc</subfield>
    <subfield code="4">0</subfield>
    <subfield code="7">0</subfield>
    <subfield code="a">01</subfield>
    <subfield code="b">01</subfield>
    <subfield code="d">2012-04-25</subfield>
    <subfield code="l">6</subfield>
    <subfield code="o">363.2565 V800p</subfield>
    <subfield code="p">01 013169</subfield>
    <subfield code="r">2016-03-15</subfield>
    <subfield code="s">2016-03-15</subfield>
    <subfield code="t">1</subfield>
    <subfield code="w">2012-06-24</subfield>
    <subfield code="y">LB</subfield>
  </datafield>
  <datafield tag="952" ind1=" " ind2=" ">
    <subfield code="0">0</subfield>
    <subfield code="1">0</subfield>
    <subfield code="2">lcc</subfield>
    <subfield code="4">0</subfield>
    <subfield code="7">0</subfield>
    <subfield code="a">01</subfield>
    <subfield code="b">01</subfield>
    <subfield code="d">2012-06-08</subfield>
    <subfield code="l">9</subfield>
    <subfield code="o">363.2565 V800p</subfield>
    <subfield code="p">01 013252</subfield>
    <subfield code="r">2020-01-31</subfield>
    <subfield code="s">2020-01-31</subfield>
    <subfield code="t">2</subfield>
    <subfield code="w">2012-06-24</subfield>
    <subfield code="y">LB</subfield>
  </datafield>
  <datafield tag="952" ind1=" " ind2=" ">
    <subfield code="0">0</subfield>
    <subfield code="1">0</subfield>
    <subfield code="2">ddc</subfield>
    <subfield code="4">0</subfield>
    <subfield code="7">0</subfield>
    <subfield code="a">01</subfield>
    <subfield code="b">01</subfield>
    <subfield code="d">2015-04-15</subfield>
    <subfield code="l">11</subfield>
    <subfield code="o">363.2565 V800p</subfield>
    <subfield code="p">01 002725</subfield>
    <subfield code="r">2020-02-13</subfield>
    <subfield code="s">2020-02-13</subfield>
    <subfield code="t">3</subfield>
    <subfield code="w">2015-04-15</subfield>
    <subfield code="y">LB</subfield>
  </datafield>
  <datafield tag="952" ind1=" " ind2=" ">
    <subfield code="0">0</subfield>
    <subfield code="1">0</subfield>
    <subfield code="4">0</subfield>
    <subfield code="7">0</subfield>
    <subfield code="a">01</subfield>
    <subfield code="b">01</subfield>
    <subfield code="d">2016-07-04</subfield>
    <subfield code="l">1</subfield>
    <subfield code="o">363.2565 V800p</subfield>
    <subfield code="p">01 013717</subfield>
    <subfield code="r">2016-08-08</subfield>
    <subfield code="s">2016-08-05</subfield>
    <subfield code="t">4</subfield>
    <subfield code="w">2016-07-04</subfield>
    <subfield code="y">LB</subfield>
  </datafield>
  <datafield tag="999" ind1=" " ind2=" ">
    <subfield code="c">61420</subfield>
    <subfield code="d">61420</subfield>
  </datafield>
  <controlfield tag="005">20231102150723.0</controlfield>
  <controlfield tag="008">120622t20062001sp a    r     000 0 spa d</controlfield>
  <datafield tag="020" ind1=" " ind2=" ">
    <subfield code="a">8425421799</subfield>
  </datafield>
  <datafield tag="050" ind1=" " ind2=" ">
    <subfield code="a">BF885.T3 </subfield>
    <subfield code="b">V55</subfield>
  </datafield>
  <datafield tag="082" ind1=" " ind2=" ">
    <subfield code="a">363.2565 </subfield>
    <subfield code="b">V800p</subfield>
  </datafield>
  <datafield tag="100" ind1="1" ind2=" ">
    <subfield code="a">Vi&#xF1;als Carrera, Francisco</subfield>
    <subfield code="e">autor</subfield>
  </datafield>
  <datafield tag="245" ind1="1" ind2="0">
    <subfield code="a">Pericia Caligr&#xE1;fica Judicial</subfield>
    <subfield code="b">: pr&#xE1;ctica, casos y modelos </subfield>
    <subfield code="c"> / Francisco Vi&#xF1;als Carrera, Ma. Luz Puente Balsells</subfield>
  </datafield>
  <datafield tag="260" ind1="3" ind2=" ">
    <subfield code="a">Barcelona</subfield>
    <subfield code="b">: Herder</subfield>
    <subfield code="c">, 2001</subfield>
  </datafield>
  <datafield tag="300" ind1=" " ind2=" ">
    <subfield code="a">485 p&#xE1;ginas</subfield>
    <subfield code="b">: ilustraciones</subfield>
  </datafield>
  <datafield tag="336" ind1=" " ind2=" ">
    <subfield code="a">texto </subfield>
  </datafield>
  <datafield tag="337" ind1=" " ind2=" ">
    <subfield code="a">sin medio</subfield>
  </datafield>
  <datafield tag="338" ind1=" " ind2=" ">
    <subfield code="a">volumen</subfield>
  </datafield>
  <datafield tag="500" ind1=" " ind2=" ">
    <subfield code="a">Reimpresiones:  2006</subfield>
  </datafield>
  <datafield tag="519" ind1=" " ind2=" ">
    <subfield code="a">Plan Flexible / </subfield>
    <subfield code="b">Criminal&#xED;stica / </subfield>
    <subfield code="c">Grafoscip&#xED;a  (B08-2) / </subfield>
    <subfield code="d">(01 013169)</subfield>
  </datafield>
  <datafield tag="519" ind1=" " ind2=" ">
    <subfield code="a">Plan Flexible / </subfield>
    <subfield code="b">Criminal&#xED;stica / </subfield>
    <subfield code="c"> Documentoscop&#xED;a (B11-3) / </subfield>
    <subfield code="d">(01 013252)</subfield>
  </datafield>
  <datafield tag="519" ind1=" " ind2=" ">
    <subfield code="a">Educaci&#xF3;n Mixta / </subfield>
    <subfield code="b">Criminal&#xED;stica / </subfield>
    <subfield code="c">Documentoscop&#xED;a (B11-1) / </subfield>
    <subfield code="d">(01 013717)</subfield>
  </datafield>
  <datafield tag="650" ind1="1" ind2="4">
    <subfield code="a">CALIGRAF&#xCD;A </subfield>
    <subfield code="x">PERITAJE</subfield>
  </datafield>
  <datafield tag="650" ind1="2" ind2="4">
    <subfield code="a">ESCRITURA </subfield>
    <subfield code="x">IDENTIFICACI&#xD3;N</subfield>
  </datafield>
  <datafield tag="650" ind1="3" ind2="4">
    <subfield code="a">GRAFOLOG&#xCD;A</subfield>
  </datafield>
  <datafield tag="700" ind1=" " ind2=" ">
    <subfield code="a">Puente Balsells, Ma. Luz </subfield>
    <subfield code="d">autor</subfield>
  </datafield>
  <datafield tag="942" ind1=" " ind2=" ">
    <subfield code="2">ddc</subfield>
    <subfield code="c">LB</subfield>
  </datafield>
</record>
